000 02708cam a2200301 4500500
005 20260111082240.0
041 _afre
042 _adc
100 1 0 _aDavid, Carine
_eauthor
700 1 0 _aDavid, Victor
_eauthor
245 0 0 _aL’émancipation contrariée du droit de l’environnement en Nouvelle-Calédonie
260 _c2021.
500 _a73
520 _aLe 30 juin 2020, l’Assemblée de la Province des Îles Loyauté en Nouvelle-Calédonie a adopté deux délibérations importantes et complémentaires, l’une sur les aires naturelles protégées et la seconde sur l’accès à la nature. Elles ont été élaborées conformément à l’esprit qui prévaut, depuis le début du projet, à la construction participative du droit de l’environnement de la Province des Îles Loyauté dans son Code de l’environnement (CEPIL). La prise en compte du contexte culturel local a été rendu possible par les mécanismes institutionnels qui libèrent, non sans difficulté, le droit calédonien du carcan juridique national. Les textes adoptés proposent un droit hybride dans leur contenu en maniant le principe de subsidiarité au profit des autorités locales, le respect de la hiérarchie des normes et la prise en compte des contraintes issues du droit international.
520 _aOn June 30th of 2020, the Assembly of the Loyalty Islands Province in New-Caledonia adopted two important and complementary deliberations, one on protected natural areas and the second on the issue of access to nature. They were drawn up in accordance with the ambition that has prevailed since the beginning of the project. The environmental Code of the Loyalty Islands Province (CEPIL) is designed by a participative approach. Integrating the local cultural context was made possible by the institutional mechanisms that free New Caledonian law from the French national legal frame. The texts adopted propose a hybrid law in their content by handling the principle of subsidiarity to the benefit of local authorities, the respect of the hierarchy of norms and the constraints resulting from international law.
690 _aaccès à la nature
690 _aaires protégées
690 _adroit de l’environnement
690 _aNouvelle-Calédonie
690 _aProvince des Îles Loyauté
690 _aaccess to nature
690 _aenvironmental law
690 _aLoyalty Islands Province
690 _aNew Caledonia
690 _aprotected areas
786 0 _nRevue juridique de l’environnement | Volume 46 | 2 | 2021-06-16 | p. 265-282 | 0397-0299
856 4 1 _uhttps://droit.cairn.info/revue-juridique-de-l-environnement-2021-2-page-265?lang=fr&redirect-ssocas=7080
999 _c1617194
_d1617194